| 000 | 01105nam0a2200361 4500 | ||
|---|---|---|---|
| 001 | RU\NLR\bibl\149318 | ||
| 005 | 20260426031048.0 | ||
| 010 |
_a5-86871-010-X _91000 |
||
| 035 | _a(NLR Aleph) 000146348 | ||
| 090 |
_a838921 _c838921 |
||
| 100 | _a20010416d1998 |||y0rusy50 ca | ||
| 101 | 0 | _arus | |
| 102 | _aRU | ||
| 105 | _aa ||||||||| | ||
| 200 | 1 |
_aРжевская битва : Полвека умолчания _fО. А. Кондратьев |
|
| 210 |
_aРжев _cНелидов. тип. _d1998 |
||
| 215 |
_a63 с. _cил. _d20 |
||
| 320 | _aБиблиогр. в прим.: с. 55-63 | ||
| 606 |
_aРжевская битва _y1942 - 1943 _3RU\NLR\AUTH\6601757908 _92671559 |
||
| 686 | 1 | _aЦ35(2)722.316 | |
| 686 | 1 | _aЦ35(2)722.224.2 | |
| 686 | 1 | _aЦ35(2)722.236 | |
| 686 | 1 | _aТ3(2)722.112.1 | |
| 686 | 1 | _aТ3(2)722.112.7 | |
| 700 | 1 |
_aКондратьев _bО. А. _4070 |
|
| 801 | 0 |
_aRU _bNLR _c20010416 _gPSBO |
|
| 801 | 1 |
_aRU _bNLR _c20010416 |
|
| 852 |
_aNLR _j2000-4/5471 |
||
| 942 | _cBOOK | ||
| 980 | _aNB | ||